00436 2200169 4500001002100000005001500021035002000036245004500056100002000101250001700121300003100138260003500169082001000204084001600214020002200230650001400252INLIS00000000000043620240630055153 a0010-06240001451 aBudi Daya Udang Galah /cP.K Poerwantana0 aP.K Poerwantana acetakan ke-1 av, 55 hlm :bilus ;c21 cm aJakarta :bGaneca Exact,c2006 a639.5 a639.5 P.K b a978-979-744-522-4 4aBudi Daya